Report of the Ad Hoc Committee of the Whole of the Special Session of the general Assembly Devoted to countering the World drug Problem Together (Record no. 3907)

MARC details
000 -LEADER
fixed length control field 00434nam a22001217a 4500
008 - FIXED-LENGTH DATA ELEMENTS--GENERAL INFORMATION
fixed length control field 230704b xxu||||| |||| 00| 0 eng d
082 ## - DEWEY DECIMAL CLASSIFICATION NUMBER
Classification number 363.1
Item number UNI
110 ## - MAIN ENTRY--CORPORATE NAME
Subordinate unit United nations
245 ## - TITLE STATEMENT
Title Report of the Ad Hoc Committee of the Whole of the Special Session of the general Assembly Devoted to countering the World drug Problem Together
Remainder of title general Assembly
260 ## - PUBLICATION, DISTRIBUTION, ETC. (IMPRINT)
Place of publication, distribution, etc. New york
Name of publisher, distributor, etc. United Nations
Date of publication, distribution, etc. 1998
300 ## - PHYSICAL DESCRIPTION
Extent 34p
942 ## - ADDED ENTRY ELEMENTS (KOHA)
Source of classification or shelving scheme Dewey Decimal Classification
Koha item type Books
Holdings
Withdrawn status Lost status Source of classification or shelving scheme Damaged status Not for loan Home library Current library Date acquired Total Checkouts Full call number Barcode Date last seen Price effective from Koha item type
    Dewey Decimal Classification     County Hall Archives County Hall Archives 07/04/2023   363.1 UNI 10011683 07/04/2023 07/04/2023 Books
LIBRARY OPENING HOURS

When the Parliament is sitting: 8.00a.m - 7.00p.m or until the house adjourns
Mondays and Fridays and when the House is on Recess:  8.00a.m - 5.00p.m
Closed on Weekends and Public Holidays

Online Public Access Catalog (OPAC)
Website: http://www.parliament.go.ke
Bunge Library: https://libraryir.parliament.go.ke
Contact: library@parliament.go.ke | Tel no: (254-2)2221291 or 2848000 Ext 5043